Online Catalogue and eLibrary

Pudumaippithan katturaikal (Record no. 4250)

MARC details
000 -LEADER
fixed length control field 00415nam a2200157Ia 4500
005 - DATE AND TIME OF LATEST TRANSACTION
control field 20250323113430.0
008 - FIXED-LENGTH DATA ELEMENTS--GENERAL INFORMATION
fixed length control field 240331s9999 xx 000 0 und d
020 ## - INTERNATIONAL STANDARD BOOK NUMBER
ISBN 8187477245
082 ## - DDC Classification
Item Number - Author Mark VEN
Class No. 894
100 ## - MAIN ENTRY--PERSONAL NAME
Personal name Venkatachalapathy, A.R
245 #0 - TITLE STATEMENT
Title Pudumaippithan katturaikal
260 ## - PUBLICATION, DISTRIBUTION, ETC.
Place of publication, distribution, etc. Nagercoil
Name of publisher, distributor, etc. Kalachuvadu Pathippagam
Date of publication, distribution, etc. 2002
300 ## - PHYSICAL DESCRIPTION
Extent (e.g. Volumes, Pages etc.) 656 p .,
500 ## - GENERAL NOTE
General note puthumaippithanin katturaikal
942 ## - Koha item type (Biblio)
Koha item type Books in Stacks (Lending)
Holdings
Lost status Damaged status Collection code Home library Current library Shelving location Date acquired Full call number Accession Number Item type
    Lending WERC Library WERC Library Social Science Cupboard 03/31/2024 894.811 VEN 4821 Books in Stacks (Lending)

© WERC Library